Cuentos crueles / (Record no. 141608)

MARC details
000 -LEADER
campo de control de longitud fija 00790nam a2200229 i 4500
001 - NÚMERO DE CONTROL
campo de control 141608
003 - IDENTIFICADOR DE NÚMERO DE CONTROL
campo de control ES-MaACL
005 - FECHA Y HORA DE LA ÚLTIMA TRANSACCIÓN
campo de control 20251005063116.0
007 - CAMPO FIJO DE DESCRIPCIÓN FÍSICA--INFORMACIÓN GENERAL
campo de control de longitud fija t|
008 - DATOS DE LONGITUD FIJA--INFORMACIÓN GENERAL
campo de control de longitud fija 070926s1971 sp ||||1| spa d
080 ## - NÚMERO DE LA CLASIFICACIÓN DECIMAL UNIVERSAL
Número de la Clasificación Decimal Universal 840-32"18"
100 0# - ENTRADA PRINCIPAL--NOMBRE DE PERSONA
Nombre de persona Villiers de L'Isle-Adam, Auguste,
Títulos y otros términos asociados al nombre comte de
9 (RLIN) 115262
245 10 - MENCIÓN DEL TÍTULO
Título Cuentos crueles /
Mención de responsabilidad, etc. Comte Villiers de l'Isle-Adam ; presentación y selección de Pere Gimferrer ; [traducción de Ana María Moix].
260 ## - PUBLICACIÓN, DISTRIBUCIÓN, ETC.
Lugar de publicación, distribución, etc. Barcelona :
Nombre del editor, distribuidor, etc. Mateu,
Fecha de publicación, distribución, etc. [1971]
300 ## - DESCRIPCIÓN FÍSICA
Extensión 152 p. ;
Dimensiones 19 cm.
490 1# - MENCIÓN DE SERIE
Mención de serie Colección Maldoror ;
Designación de volumen o secuencia 6
700 0# - ENTRADA AGREGADA--NOMBRE PERSONAL
Nombre de persona Gimferrer, Pere,
Fechas asociadas al nombre 1945-
9 (RLIN) 57102
700 1# - ENTRADA AGREGADA--NOMBRE PERSONAL
Nombre de persona Moix, Ana María,
Fechas asociadas al nombre 1947-
9 (RLIN) 81820
830 0# - PUNTO DE ACCESO ADICIONAL DE SERIE-TÍTULO UNIFORME
Título uniforme Colección Maldoror ;
Designación de volumen o secuencia 6
9 (RLIN) 183313
852 ## - LOCALIZACIÓN
Ubicación ES-MaACL
Número de control de estantería C-39321
Sublocalización o colección R.77499
Holdings
Estatus retirado Estado de pérdida Estado de daño No para préstamo Biblioteca de origen Biblioteca actual Ubicación en estantería Fecha de adquisición Fuente de adquisición Total de préstamos Signatura topográfica completa Código de barras Visto por última vez Precio de reemplazo Tipo de ítem Koha
        Biblioteca del Ateneo de Madrid Biblioteca del Ateneo de Madrid Depósito 2 17/01/2008     C-39321 1147346 23/02/2023 23/02/2023 Libro impreso